Safety with machinery / (Record no. 17622)
[ view plain ]
| 000 -LEADER | |
|---|---|
| fixed length control field | 01077pam a2200313 a 4500 |
| 001 - CONTROL NUMBER | |
| control field | 013283495 |
| 003 - CONTROL NUMBER IDENTIFIER | |
| control field | Uk |
| 005 - DATE AND TIME OF LATEST TRANSACTION | |
| control field | 20131009132931.0 |
| 008 - FIXED-LENGTH DATA ELEMENTS--GENERAL INFORMATION | |
| fixed length control field | 070711s2006 ne a b 001 0 eng c |
| 010 ## - LIBRARY OF CONGRESS CONTROL NUMBER | |
| LC control number | 2007275145 |
| 015 ## - NATIONAL BIBLIOGRAPHY NUMBER | |
| National bibliography number | GBA573817 |
| Source | bnb |
| 020 ## - INTERNATIONAL STANDARD BOOK NUMBER | |
| International Standard Book Number | 9780750667807 (hbk.) : |
| 020 ## - INTERNATIONAL STANDARD BOOK NUMBER | |
| International Standard Book Number | 075066780X (hbk.) : |
| 082 04 - DEWEY DECIMAL CLASSIFICATION NUMBER | |
| Classification number | 621.80289 |
| Edition number | 22 |
| Item number | RID |
| 100 1# - MAIN ENTRY--PERSONAL NAME | |
| Personal name | Ridley, John R. |
| 9 (RLIN) | 33978 |
| 245 10 - TITLE STATEMENT | |
| Title | Safety with machinery / |
| Statement of responsibility, etc | John Ridley and Dick Pearce. |
| 250 ## - EDITION STATEMENT | |
| Edition statement | 2nd ed. |
| 260 ## - PUBLICATION, DISTRIBUTION, ETC. (IMPRINT) | |
| Place of publication, distribution, etc | Amsterdam ; |
| -- | London : |
| Name of publisher, distributor, etc | Butterworth-Heinemann, |
| Date of publication, distribution, etc | 2006. |
| 300 ## - PHYSICAL DESCRIPTION | |
| Extent | xv, 278 p. : |
| Other physical details | ill. (some col.) ; |
| Dimensions | 24 cm. |
| 500 ## - GENERAL NOTE | |
| General note | Previous ed.: published as Safeguarding for machinery. 2001. |
| 504 ## - BIBLIOGRAPHY, ETC. NOTE | |
| Bibliography, etc | Includes bibliographical references and index. |
| 650 #0 - SUBJECT ADDED ENTRY--TOPICAL TERM | |
| Topical term or geographic name as entry element | Machinery |
| General subdivision | Safety appliances. |
| 9 (RLIN) | 33979 |
| 650 #0 - SUBJECT ADDED ENTRY--TOPICAL TERM | |
| Topical term or geographic name as entry element | Industrial safety |
| General subdivision | Standards |
| Geographic subdivision | Great Britain. |
| 9 (RLIN) | 33980 |
| 650 #0 - SUBJECT ADDED ENTRY--TOPICAL TERM | |
| Topical term or geographic name as entry element | Machinery |
| General subdivision | Safety measures. |
| 9 (RLIN) | 33981 |
| 653 ## - INDEX TERM--UNCONTROLLED | |
| Resource For college | |
| Arrived date list | October2013 |
| 700 1# - ADDED ENTRY--PERSONAL NAME | |
| Personal name | Pearce, Dick. |
| 9 (RLIN) | 33982 |
| 700 1# - ADDED ENTRY--PERSONAL NAME | |
| Personal name | Ridley, John R. |
| Title of a work | Safeguarding for machinery. |
| 9 (RLIN) | 33983 |
| 942 ## - ADDED ENTRY ELEMENTS (KOHA) | |
| Source of classification or shelving scheme | Dewey Decimal Classification |
| Item type | Book - Borrowing |
| Withdrawn status | Item status | Source of classification or shelving scheme | Damaged status | Not for loan | Vendor | Home library | Current library | Shelving location | Date acquired | Source of acquisition | Total Checkouts | Full call number | Barcode | Date last seen | Koha item type |
|---|---|---|---|---|---|---|---|---|---|---|---|---|---|---|---|
| Dewey Decimal Classification | Baccah | Central Library | Central Library | First floor | 09/10/2013 | 621.80289 RID | 000029346 | 15/07/2025 | Book - Borrowing | ||||||
| Dewey Decimal Classification | Baccah | Central Library | Central Library | First floor | 09/10/2013 | 621.80289 RID | 000029347 | 15/07/2025 | Book - Borrowing |